<?xml version="1.0" encoding="UTF-8"?>
<record
    xmlns:xsi="http://www.w3.org/2001/XMLSchema-instance"
    xsi:schemaLocation="http://www.loc.gov/MARC21/slim http://www.loc.gov/standards/marcxml/schema/MARC21slim.xsd"
    xmlns="http://www.loc.gov/MARC21/slim">

  <leader>06263nam a2200433Ia 4500</leader>
  <controlfield tag="003">OSt</controlfield>
  <controlfield tag="005">20260622154603.0</controlfield>
  <controlfield tag="008">  2310s2022    ua a   frm      000 engnd d</controlfield>
  <datafield tag="040" ind1=" " ind2=" ">
    <subfield code="a">EG-EULC</subfield>
    <subfield code="b">eng</subfield>
    <subfield code="c">EG-EULC</subfield>
    <subfield code="d">EG-EULC</subfield>
    <subfield code="e">rda</subfield>
  </datafield>
  <datafield tag="041" ind1="0" ind2=" ">
    <subfield code="a">eng</subfield>
    <subfield code="b">eng</subfield>
    <subfield code="b">ara</subfield>
  </datafield>
  <datafield tag="049" ind1=" " ind2=" ">
    <subfield code="a">Deposit</subfield>
  </datafield>
  <datafield tag="082" ind1=" " ind2=" ">
    <subfield code="a">610</subfield>
  </datafield>
  <datafield tag="092" ind1=" " ind2=" ">
    <subfield code="a">610</subfield>
    <subfield code="2">21</subfield>
  </datafield>
  <datafield tag="097" ind1=" " ind2=" ">
    <subfield code="a">Ph.D</subfield>
  </datafield>
  <datafield tag="099" ind1=" " ind2=" ">
    <subfield code="a">Cai01.11.01.Ph.D.2022.Is.C</subfield>
  </datafield>
  <datafield tag="100" ind1=" " ind2=" ">
    <subfield code="a">Ismail Fathy Ahmed Mohammed,</subfield>
    <subfield code="e">preparation.</subfield>
  </datafield>
  <datafield tag="245" ind1=" " ind2=" ">
    <subfield code="a">Comparison of ultrasound-based measures of inferior vena cava and internal jugular vein for prediction of hypotension during induction of general anesthesia</subfield>
    <subfield code="c">by Ismail Fathy Ahmed Mohammed;  Supervised Prof.Dr.Yasser Mohammed Elhalafawy,Prof.Dr.Dina Zakaria Mohammed, Prof.Dr.Dalia Khaled Ismail.</subfield>
  </datafield>
  <datafield tag="246" ind1=" " ind2=" ">
    <subfield code="a">&#x645;&#x642;&#x627;&#x631;&#x646;&#x629; &#x642;&#x64A;&#x627;&#x633;&#x627;&#x62A; &#x627;&#x644;&#x648;&#x631;&#x64A;&#x62F; &#x627;&#x644;&#x623;&#x62C;&#x648;&#x641; &#x627;&#x644;&#x633;&#x641;&#x644;&#x64A; &#x648;&#x627;&#x644;&#x648;&#x631;&#x64A;&#x62F; &#x627;&#x644;&#x648;&#x62F;&#x627;&#x62C;&#x64A; &#x627;&#x644;&#x62F;&#x627;&#x62E;&#x644;&#x64A; &#x628;&#x627;&#x633;&#x62A;&#x62E;&#x62F;&#x627;&#x645; &#x627;&#x644;&#x645;&#x648;&#x62C;&#x627;&#x62A; &#x627;&#x644;&#x635;&#x648;&#x62A;&#x64A;&#x629; &#x644;&#x62A;&#x648;&#x642;&#x639; &#x627;&#x646;&#x62E;&#x641;&#x627;&#x636; &#x636;&#x63A;&#x637; &#x627;&#x644;&#x62F;&#x645; &#x623;&#x62B;&#x646;&#x627;&#x621; &#x627;&#x644;&#x62A;&#x62E;&#x62F;&#x64A;&#x631; &#x627;&#x644;&#x643;&#x644;&#x64A;</subfield>
  </datafield>
  <datafield tag="264" ind1=" " ind2="0">
    <subfield code="c">2022.</subfield>
  </datafield>
  <datafield tag="300" ind1=" " ind2=" ">
    <subfield code="a">42 p. :</subfield>
    <subfield code="b">illustrations ;</subfield>
    <subfield code="c">25cm+</subfield>
    <subfield code="e">CD</subfield>
  </datafield>
  <datafield tag="336" ind1=" " ind2=" ">
    <subfield code="2">rda content</subfield>
    <subfield code="a">text</subfield>
  </datafield>
  <datafield tag="337" ind1=" " ind2=" ">
    <subfield code="2">rdamedia</subfield>
    <subfield code="a">Unmediated</subfield>
  </datafield>
  <datafield tag="338" ind1=" " ind2=" ">
    <subfield code="2">rdacarrier</subfield>
    <subfield code="a">volume</subfield>
  </datafield>
  <datafield tag="502" ind1=" " ind2=" ">
    <subfield code="a">Thesis (M.Sc.)-Cairo University- Faculty of Medicine - Department of Surgical ICU  and Pain Management</subfield>
  </datafield>
  <datafield tag="504" ind1=" " ind2=" ">
    <subfield code="a">Bibliography: p. 36-40.</subfield>
  </datafield>
  <datafield tag="520" ind1=" " ind2="3">
    <subfield code="a">Hypotension with general anesthesia induction a frequent event in routine practice(1). Even a short duration of hypotension may lead to tissue hypoperfusion and predispose to postoperative complications (2). Intra-operative hypotension is associated with renal injury, ischemic stroke, myocardial injury and postoperative mortality (3&#x2013;7). Underlying hypovolemia is an important and modifiable risk factor for hypotension after anesthetics administration(11,12). Ultrasonographic studies of the inferior vena cava (IVC) (11,16) and the internal jugular vein (IJV) (17,18) for evaluation of intravascular volume status and prediction of hypotension during induction of general anesthesia have been established.
The present study was designed to compare, on ultrasound-based measures, between inferior vena cava and internal jugular vein for prediction of prolonged hypotension during induction of general anesthesia. The study was conducted at Kasr Al-Ainy hospital, Cairo University in Patients undergoing elective non-cardiac surgery under general anesthesia.
One-hundred and sixty three patients were screened for eligibility, 6 patients were excluded for not fulfilling the inclusion criteria, 14 patients were excluded due to poor visualization of IVC, 10 patients were excluded for prolonged airway instrumentation during intubation and 133 patients were included and were available for the final analysis.
Our study demonstrated that ultrasonographic scanning of the IJV change rate preoperatively can predict prolonged post-induction hypotension as well as severe post- induction hypotension and its predictive value is moderate. On the other hand, none of IVC parameters (CI, dIVCmax &amp; dIVCmin) showed a reliable accuracy in prediction of prolonged or severe post-induction hypotension</subfield>
  </datafield>
  <datafield tag="520" ind1=" " ind2="3">
    <subfield code="a">&#x64A;&#x639;&#x62F; &#x627;&#x646;&#x62E;&#x641;&#x627;&#x636; &#x636;&#x63A;&#x637; &#x627;&#x644;&#x62F;&#x645; &#x645;&#x639; &#x627;&#x644;&#x62A;&#x62E;&#x62F;&#x64A;&#x631; &#x627;&#x644;&#x643;&#x644;&#x64A; &#x62D;&#x62F;&#x62B;&#x627;&#x64B; &#x634;&#x627;&#x626;&#x639;&#x627;&#x64B; &#x61B; &#x648;&#x642;&#x62F; &#x64A;&#x62A;&#x633;&#x628;&#x628; &#x641;&#x64A; &#x623;&#x636;&#x631;&#x627;&#x631; &#x628;&#x627;&#x644;&#x642;&#x644;&#x628; &#x648;&#x627;&#x644;&#x643;&#x644;&#x649; &#x648;&#x627;&#x644;&#x645;&#x62E; &#x648;&#x645;&#x636;&#x627;&#x639;&#x641;&#x627;&#x62A; &#x642;&#x62F; &#x62A;&#x635;&#x644; &#x625;&#x644;&#x649; &#x627;&#x644;&#x648;&#x641;&#x627;&#x629; &#x628;&#x639;&#x62F; &#x627;&#x644;&#x639;&#x645;&#x644;&#x64A;&#x627;&#x62A; &#x627;&#x644;&#x62C;&#x631;&#x627;&#x62D;&#x64A;&#x629; &#x62D;&#x62A;&#x649; &#x644;&#x648; &#x643;&#x627;&#x646; &#x627;&#x646;&#x62E;&#x641;&#x627;&#x636; &#x627;&#x644;&#x636;&#x63A;&#x637; &#x644;&#x641;&#x62A;&#x631;&#x627;&#x62A; &#x642;&#x635;&#x64A;&#x631;&#x629; &#x61B; &#x643;&#x645;&#x627; &#x64A;&#x639;&#x62F; &#x646;&#x642;&#x635; &#x627;&#x644;&#x633;&#x648;&#x627;&#x626;&#x644; &#x628;&#x627;&#x644;&#x62F;&#x645; &#x623;&#x62D;&#x62F; &#x623;&#x647;&#x645; &#x623;&#x633;&#x628;&#x627;&#x628; &#x627;&#x646;&#x62E;&#x641;&#x627;&#x636; &#x636;&#x63A;&#x637; &#x627;&#x644;&#x62F;&#x645; &#x645;&#x639; &#x627;&#x644;&#x62A;&#x62E;&#x62F;&#x64A;&#x631; &#x627;&#x644;&#x643;&#x644;&#x64A; &#x648;&#x627;&#x644;&#x62A;&#x64A; &#x64A;&#x645;&#x643;&#x646; &#x645;&#x639;&#x627;&#x644;&#x62C;&#x62A;&#x647;&#x627; &#x60C; &#x648;&#x642;&#x62F; &#x62A;&#x645; &#x625;&#x62C;&#x631;&#x627;&#x621; &#x62F;&#x631;&#x627;&#x633;&#x627;&#x62A; &#x639;&#x644;&#x649; &#x642;&#x64A;&#x627;&#x633;&#x627;&#x62A; &#x627;&#x644;&#x648;&#x631;&#x64A;&#x62F; &#x627;&#x644;&#x623;&#x62C;&#x648;&#x641; &#x627;&#x644;&#x633;&#x641;&#x644;&#x64A; &#x648;&#x627;&#x644;&#x648;&#x631;&#x64A;&#x62F; &#x627;&#x644;&#x648;&#x62F;&#x627;&#x62C;&#x64A; &#x627;&#x644;&#x62F;&#x627;&#x62E;&#x644;&#x64A; &#x628;&#x627;&#x633;&#x62A;&#x62E;&#x62F;&#x627;&#x645; &#x627;&#x644;&#x645;&#x648;&#x62C;&#x627;&#x62A; &#x641;&#x648;&#x642; &#x627;&#x644;&#x635;&#x648;&#x62A;&#x64A;&#x629; &#x641;&#x64A; &#x62A;&#x642;&#x62F;&#x64A;&#x631; &#x643;&#x645;&#x64A;&#x629; &#x627;&#x644;&#x633;&#x648;&#x627;&#x626;&#x644; &#x628;&#x627;&#x644;&#x62F;&#x645; &#x648;&#x641;&#x64A; &#x62A;&#x648;&#x642;&#x639; &#x627;&#x646;&#x62E;&#x627;&#x636; &#x636;&#x63A;&#x637; &#x627;&#x644;&#x62F;&#x645; &#x645;&#x639; &#x627;&#x644;&#x62A;&#x62E;&#x62F;&#x64A;&#x631; &#x627;&#x644;&#x643;&#x644;&#x64A; .&#x62A;&#x645; &#x62A;&#x635;&#x645;&#x64A;&#x645; &#x627;&#x644;&#x62F;&#x631;&#x627;&#x633;&#x629; &#x627;&#x644;&#x62D;&#x627;&#x644;&#x64A;&#x629; &#x644;&#x645;&#x642;&#x627;&#x631;&#x646;&#x629; &#x642;&#x64A;&#x627;&#x633;&#x627;&#x62A; &#x627;&#x644;&#x648;&#x631;&#x64A;&#x62F; &#x627;&#x644;&#x623;&#x62C;&#x648;&#x641; &#x627;&#x644;&#x633;&#x641;&#x644;&#x64A; &#x648;&#x627;&#x644;&#x648;&#x631;&#x64A;&#x62F; &#x627;&#x644;&#x648;&#x62F;&#x627;&#x62C;&#x64A; &#x627;&#x644;&#x62F;&#x627;&#x62E;&#x644;&#x64A; &#x628;&#x627;&#x644;&#x645;&#x648;&#x62C;&#x627;&#x62A; &#x641;&#x648;&#x642; &#x627;&#x644;&#x635;&#x648;&#x62A;&#x64A;&#x629; &#x641;&#x64A; &#x62A;&#x648;&#x642;&#x639; &#x627;&#x646;&#x62E;&#x641;&#x627;&#x636; &#x636;&#x63A;&#x637; &#x627;&#x644;&#x62F;&#x645; &#x627;&#x644;&#x645;&#x637;&#x648;&#x644; &#x645;&#x639; &#x627;&#x644;&#x62A;&#x62E;&#x62F;&#x64A;&#x631; &#x627;&#x644;&#x643;&#x644;&#x64A; &#x60C; &#x648;&#x642;&#x62F; &#x62A;&#x645; &#x625;&#x62C;&#x631;&#x627;&#x621; &#x627;&#x644;&#x62F;&#x631;&#x627;&#x633;&#x629; &#x641;&#x64A; &#x645;&#x633;&#x62A;&#x634;&#x641;&#x649; &#x627;&#x644;&#x642;&#x635;&#x631; &#x627;&#x644;&#x639;&#x64A;&#x646;&#x64A; &#x628;&#x62C;&#x627;&#x645;&#x639;&#x629; &#x627;&#x644;&#x642;&#x627;&#x647;&#x631;&#x629; &#x639;&#x644;&#x649; &#x627;&#x644;&#x645;&#x631;&#x636;&#x649; &#x627;&#x644;&#x62E;&#x627;&#x636;&#x639;&#x64A;&#x646; &#x644;&#x644;&#x639;&#x645;&#x644;&#x64A;&#x627;&#x62A; &#x627;&#x644;&#x63A;&#x64A;&#x631; &#x642;&#x644;&#x628;&#x64A;&#x629; &#x648;&#x627;&#x644;&#x63A;&#x64A;&#x631; &#x637;&#x627;&#x631;&#x626;&#x629; &#x62A;&#x62D;&#x62A; &#x627;&#x644;&#x62A;&#x62E;&#x62F;&#x64A;&#x631; &#x627;&#x644;&#x643;&#x644;&#x64A; .&#x641;&#x64E;&#x62D;&#x635; &#x645;&#x626;&#x629; &#x648;&#x62B;&#x644;&#x627;&#x62B;&#x629; &#x648;&#x633;&#x62A;&#x64A;&#x646; (163) &#x645;&#x631;&#x64A;&#x636; &#x644;&#x62A;&#x62D;&#x62F;&#x64A;&#x62F; &#x625;&#x645;&#x643;&#x627;&#x646;&#x64A;&#x629; &#x625;&#x62C;&#x631;&#x627;&#x621; &#x627;&#x644;&#x62F;&#x631;&#x627;&#x633;&#x629; &#x639;&#x644;&#x64A;&#x647;&#x645; &#x648;&#x627;&#x633;&#x62A;&#x628;&#x639;&#x62F; &#x645;&#x646;&#x647;&#x645; &#x633;&#x62A;&#x629; (6) &#x645;&#x631;&#x636;&#x649; &#x644;&#x639;&#x62F;&#x645; &#x627;&#x633;&#x62A;&#x64A;&#x641;&#x627;&#x621;&#x647;&#x645; &#x634;&#x631;&#x648;&#x637; &#x627;&#x644;&#x62F;&#x631;&#x627;&#x633;&#x629; &#x643;&#x645;&#x627; &#x627;&#x633;&#x62A;&#x628;&#x639;&#x62F; &#x623;&#x631;&#x628;&#x639;&#x629; &#x639;&#x634;&#x631; )14) &#x645;&#x631;&#x64A;&#x636; &#x644;&#x635;&#x639;&#x648;&#x628;&#x629; &#x641;&#x62D;&#x635; &#x627;&#x644;&#x648;&#x631;&#x64A;&#x62F; &#x627;&#x644;&#x623;&#x62C;&#x648;&#x641; &#x627;&#x644;&#x633;&#x641;&#x644;&#x64A; &#x628;&#x627;&#x644;&#x645;&#x648;&#x62C;&#x627;&#x62A; &#x641;&#x648;&#x642; &#x627;&#x644;&#x635;&#x648;&#x62A;&#x64A;&#x629; &#x648;&#x643;&#x630;&#x644;&#x643; &#x639;&#x634;&#x631;&#x629; (10) &#x645;&#x631;&#x636;&#x649; &#x628;&#x633;&#x628;&#x628; &#x637;&#x648;&#x644; &#x645;&#x62F;&#x629; &#x648;&#x636;&#x639; &#x627;&#x644;&#x627;&#x646;&#x628;&#x648;&#x628;&#x629; &#x627;&#x644;&#x62D;&#x646;&#x62C;&#x631;&#x64A;&#x629; &#x60C; &#x648;&#x62A;&#x645; &#x625;&#x62C;&#x631;&#x627;&#x621; &#x627;&#x644;&#x62F;&#x631;&#x627;&#x633;&#x629; &#x639;&#x644;&#x649; &#x627;&#x644;&#x645;&#x626;&#x629; &#x648;&#x62B;&#x644;&#x627;&#x62B;&#x629; &#x648;&#x62B;&#x644;&#x627;&#x62B;&#x64A;&#x646; (133) &#x645;&#x631;&#x64A;&#x636; &#x627;&#x644;&#x645;&#x62A;&#x628;&#x642;&#x64A;&#x646; .&#x623;&#x638;&#x647;&#x631;&#x62A; &#x627;&#x644;&#x62F;&#x631;&#x627;&#x633;&#x629; &#x623;&#x646; &#x645;&#x639;&#x62F;&#x644; &#x62A;&#x63A;&#x64A;&#x631; &#x627;&#x644;&#x648;&#x631;&#x64A;&#x62F; &#x627;&#x644;&#x648;&#x62F;&#x627;&#x62C;&#x64A; &#x627;&#x644;&#x62F;&#x627;&#x62E;&#x644;&#x64A; &#x628;&#x627;&#x644;&#x645;&#x648;&#x62C;&#x627;&#x62A; &#x641;&#x648;&#x642; &#x627;&#x644;&#x635;&#x648;&#x62A;&#x64A;&#x629; &#x628;&#x645;&#x642;&#x62F;&#x648;&#x631;&#x647; &#x62A;&#x648;&#x642;&#x639; &#x627;&#x646;&#x62E;&#x641;&#x627;&#x636; &#x636;&#x63A;&#x637; &#x627;&#x644;&#x62F;&#x645; &#x645;&#x639; &#x627;&#x644;&#x62A;&#x62E;&#x62F;&#x64A;&#x631; &#x627;&#x644;&#x643;&#x644;&#x64A; &#x648;&#x643;&#x630;&#x644;&#x643; &#x62A;&#x648;&#x642;&#x639; &#x627;&#x644;&#x627;&#x646;&#x62E;&#x641;&#x627;&#x636; &#x627;&#x644;&#x634;&#x62F;&#x64A;&#x62F; &#x644;&#x636;&#x63A;&#x637; &#x627;&#x644;&#x62F;&#x645; &#x648;&#x623;&#x646;&#x647; &#x630;&#x627;&#x62A; &#x642;&#x64A;&#x645;&#x629; &#x62A;&#x646;&#x628;&#x624;&#x64A;&#x629; &#x645;&#x62A;&#x648;&#x633;&#x637;&#x629; &#x61B; &#x623;&#x645;&#x627; &#x628;&#x627;&#x644;&#x646;&#x633;&#x628;&#x629; &#x644;&#x644;&#x648;&#x631;&#x64A;&#x62F; &#x627;&#x644;&#x623;&#x62C;&#x648;&#x641; &#x627;&#x644;&#x633;&#x641;&#x644;&#x64A; &#x641;&#x642;&#x62F; &#x623;&#x638;&#x647;&#x631;&#x62A; &#x627;&#x644;&#x62F;&#x631;&#x627;&#x633;&#x629; &#x623;&#x646;&#x647; &#x644;&#x627; &#x64A;&#x645;&#x643;&#x646; &#x644;&#x623;&#x64A; &#x645;&#x646; &#x642;&#x64A;&#x627;&#x633;&#x627;&#x62A;&#x647; &#x62A;&#x648;&#x642;&#x639; &#x627;&#x646;&#x62E;&#x641;&#x627;&#x636; &#x636;&#x63A;&#x637; &#x627;&#x644;&#x62F;&#x645; &#x645;&#x639; &#x627;&#x644;&#x62A;&#x62E;&#x62F;&#x64A;&#x631; &#x627;&#x644;&#x643;&#x644;&#x64A; .</subfield>
  </datafield>
  <datafield tag="530" ind1=" " ind2=" ">
    <subfield code="a">Issues also as CD.</subfield>
  </datafield>
  <datafield tag="546" ind1=" " ind2=" ">
    <subfield code="a">Text in English and abstract in Arabic &amp; English.</subfield>
  </datafield>
  <datafield tag="650" ind1=" " ind2=" ">
    <subfield code="a">Surgical ICUand Pain Management</subfield>
  </datafield>
  <datafield tag="653" ind1=" " ind2=" ">
    <subfield code="a">Ultrasound</subfield>
  </datafield>
  <datafield tag="700" ind1=" " ind2=" ">
    <subfield code="a">Yasser Mohammed Elhalafawy</subfield>
    <subfield code="e">thesis advisor.</subfield>
  </datafield>
  <datafield tag="700" ind1=" " ind2=" ">
    <subfield code="a">Dina Zakaria Mohammed</subfield>
    <subfield code="e">thesis advisor.</subfield>
  </datafield>
  <datafield tag="700" ind1=" " ind2=" ">
    <subfield code="a">Dalia Khaled Ismail</subfield>
    <subfield code="e">thesis advisor.</subfield>
  </datafield>
  <datafield tag="900" ind1=" " ind2=" ">
    <subfield code="b">01-01-2022</subfield>
    <subfield code="c">Yasser Mohammed Elhalafawy</subfield>
    <subfield code="c">Dina Zakaria Mohammed</subfield>
    <subfield code="c">Dalia Khaled Ismail</subfield>
    <subfield code="U">Cairo University</subfield>
    <subfield code="F">Faculty of Medicine</subfield>
    <subfield code="D">Department of Surgical ICU and Pain Management</subfield>
  </datafield>
  <datafield tag="905" ind1=" " ind2=" ">
    <subfield code="a">Shimaa</subfield>
  </datafield>
  <datafield tag="942" ind1=" " ind2=" ">
    <subfield code="c">TH</subfield>
    <subfield code="2">ddc</subfield>
  </datafield>
  <datafield tag="999" ind1=" " ind2=" ">
    <subfield code="c">163794</subfield>
  </datafield>
  <datafield tag="952" ind1=" " ind2=" ">
    <subfield code="2">ddc</subfield>
    <subfield code="9">295440</subfield>
    <subfield code="a">CUCL</subfield>
    <subfield code="b">cl210</subfield>
    <subfield code="d">2024-02-11</subfield>
    <subfield code="i">85871</subfield>
    <subfield code="o">Cai01.11.01.Ph.D.2022.Is.C</subfield>
    <subfield code="p">01010110085871000</subfield>
    <subfield code="r">2023-10-30 00:00:00</subfield>
    <subfield code="w">2023-10-30</subfield>
    <subfield code="y">TH</subfield>
  </datafield>
</record>
